[Event "Piestany op-A"]
[Site "Piestany"]
[Date "2023.07.11"]
[Round "1"]
[White "Bagwe, Gaurang"]
[Black "Colbow, Collin"]
[Result "0-1"]
[WhiteElo "2205"]
[BlackElo "2429"]
[PlyCount "116"]
[EventDate "2023.07.11"]
[EventType "swiss"]
[EventRounds "9"]
[EventCountry "SVK"]
[SourceTitle "EXT 2024"]
[Source "ChessBase"]
[SourceDate "2023.10.10"]
[SourceVersion "1"]
[SourceVersionDate "2023.10.10"]
[SourceQuality "1"]

1. e4 c5 2. c3 Nf6 3. e5 Nd5 4. Nf3 e6 5. d4 cxd4 6. cxd4 d6 7. Bc4 Be7 8. 0-0 0-0 9. Qe2 a6 10. Nc3 dxe5 11. Nxe5 Nc6 12. Nxd5 exd5 13. Nxc6 bxc6 14. Bd3 Bf6 15. Be3 Qb6 16. Rfd1 a5 17. Qc2 g6 18. Rac1 Bd7 19. Rd2 Kg7 20. Qd1 h5 21. h3 Rfe8 22. Qf3 Re6 23. Qf4 Rae8 24. Kh1 Qd8 25. Rdc2 Rxe3 26. fxe3 Bg5 27. Qf1 Bxe3 28. Rd1 Qh4 29. Qe1 Qg5 30. Qf1 Bxd4 31. Re2 Rxe2 32. Bxe2 Bxb2 33. Qf3 Be6 34. Ba6 c5 35. Rf1 Be5 36. Bc8 Qg3 37. Qxg3 Bxg3 38. Bxe6 fxe6 39. Rf3 h4 40. Kg1 d4 41. Kf1 e5 42. Ke2 e4 43. Ra3 c4 44. Ra4 d3+ 45. Ke3 Bf4+ 46. Kxf4 d2 47. Rxc4 d1Q 48. Rxe4 Qd2+ 49. Kf3 Qxa2 50. Rxh4 Qb3+ 51. Kf2 a4 52. Rg4 a3 53. h4 a2 54. h5 Qc2+ 55. Kg3 a1Q 56. Kh2 Qe5+ 57. Rg3 Qf2 58. h6+ Kf7 0-1

[Event "Vojvodina op 13th"]
[Site "Novi Sad"]
[Date "2023.07.05"]
[Round "9"]
[White "Nikolic, Nebojsa"]
[Black "Bagwe, Gaurang"]
[Result "0-1"]
[WhiteElo "2292"]
[BlackElo "2205"]
[PlyCount "44"]
[EventDate "2023.06.29"]
[EventType "swiss"]
[EventRounds "9"]
[EventCountry "SRB"]
[SourceTitle "CBM 215 Extra"]
[Source "ChessBase"]
[SourceDate "2023.09.30"]
[SourceVersion "1"]
[SourceVersionDate "2023.09.30"]
[SourceQuality "1"]

1. d4 d5 2. Bf4 e6 3. e3 c5 4. c3 Nf6 5. Nd2 Bd6 6. Ngf3 Qc7 7. Ne5 Nbd7 8. Ndf3 0-0 9. Bd3 b6 10. h4 a5 11. g4 Ba6 12. g5 Ne4 13. Nxd7 Qxd7 14. Bxe4 dxe4 15. dxc5 exf3 16. cxd6 Be2 17. Qd4 Rac8 18. b3 Rc5 19. c4 Rfc8 20. Be5 R8c6 21. h5 Rxe5 22. Qxe5 Rxd6 0-1

[Event "Vojvodina op 13th"]
[Site "Novi Sad"]
[Date "2023.07.01"]
[Round "3"]
[White "Annaberdiev, Meilis"]
[Black "Bagwe, Gaurang"]
[Result "1-0"]
[WhiteElo "2496"]
[BlackElo "2205"]
[PlyCount "141"]
[EventDate "2023.06.29"]
[EventType "swiss"]
[EventRounds "9"]
[EventCountry "SRB"]
[SourceTitle "CBM 215 Extra"]
[Source "ChessBase"]
[SourceDate "2023.09.30"]
[SourceVersion "1"]
[SourceVersionDate "2023.09.30"]
[SourceQuality "1"]

1. e4 c5 2. Nf3 d6 3. Nc3 e5 4. Bc4 Be7 5. d3 Nc6 6. 0-0 Bg4 7. h3 Bh5 8. Nd5 Nf6 9. c3 Nxd5 10. Bxd5 g5 11. Qb3 Qd7 12. Nh2 0-0-0 13. f3 Rdf8 14. Ng4 Bd8 15. Nh6 Bg6 16. Be3 Bb6 17. Qa4 f5 18. exf5 Bxf5 19. Nxf5 Rxf5 20. Qb5 Kc7 21. a4 a6 22. Qc4 Re8 23. Be4 Rff8 24. Qd5 Rb8 25. a5 Bxa5 26. b4 Bb6 27. bxc5 dxc5 28. Qc4 Ba7 29. Rfb1 Rg8 30. Bf2 h5 31. Bg3 Rge8 32. Re1 h4 33. Bh2 Qd6 34. Kh1 Re7 35. Bxc6 Kxc6 36. d4 Rbe8 37. Qa4+ Kc7 38. dxe5 Qe6 39. Red1 Kc8 40. Rd6 Qf5 41. Rc6+ bxc6 42. Qxc6+ Kd8 43. e6 Qxe6 44. Rd1+ Rd7 45. Bd6 Bb8 46. Qb6+ Bc7 47. Bxc7+ Ke7 48. Qxc5+ Kf7 49. Rxd7+ Qxd7 50. Bh2 Re1+ 51. Bg1 Qe7 52. Qd5+ Kg7 53. f4 gxf4 54. Kh2 Qe6 55. Qg5+ Kf7 56. Qxh4 f3 57. Bf2 Qe5+ 58. Bg3 Qe2 59. Qh5+ Ke6 60. Qg4+ Ke7 61. Bxe1 Qxe1 62. Qxf3 a5 63. Qb7+ Ke6 64. Qb6+ Kf5 65. Qxa5+ Kg6 66. Qc7 Kh6 67. c4 Kh5 68. c5 Kh4 69. Qf4+ Kh5 70. c6 Qc3 71. Qf3+ 1-0

[Event "Titled Tuesday intern op 27th Jun Early"]
[Site "Chess.com INT"]
[Date "2023.06.27"]
[Round "3"]
[White "Bagwe, Gaurang"]
[Black "Petrosian, Karlen"]
[Result "0-1"]
[WhiteElo "2028"]
[BlackElo "2348"]
[PlyCount "74"]
[EventDate "2023.06.27"]
[EventType "swiss (blitz)"]
[EventRounds "11"]
[EventCountry "USA"]
[SourceTitle "EXT 2024"]
[Source "ChessBase"]
[SourceDate "2023.10.10"]
[SourceVersion "1"]
[SourceVersionDate "2023.10.10"]
[SourceQuality "1"]

1. c4 g6 2. d4 Bg7 3. Nc3 d6 4. e4 Nf6 5. Be2 0-0 6. Nf3 e5 7. d5 a5 8. h3 Na6 9. a3 Nc5 10. Qc2 a4 11. Be3 Nb3 12. Rd1 Bd7 13. 0-0 Nh5 14. Nd2 Nd4 15. Qd3 Nf4 16. Bxf4 exf4 17. Bg4 f5 18. exf5 Nxf5 19. Nde4 h5 20. Bf3 b6 21. Rfe1 Kh7 22. Ne2 Be5 23. N4c3 Nh4 24. Be4 f3 25. Ng3 Bxg3 26. fxg3 f2+ 27. Kh2 fxe1Q 28. Rxe1 Nf5 29. Rh1 Qf6 30. g4 Ng7 31. Bf3 Rae8 32. gxh5 Qf4+ 33. Kg1 Re1+ 34. Kf2 Rxh1 35. Qxg6+ Kh8 36. h6 Nf5 37. Ne2 Qe3# 0-1

[Event "Titled Tuesday intern op 27th Jun Early"]
[Site "Chess.com INT"]
[Date "2023.06.27"]
[Round "6"]
[White "Bagwe, Gaurang"]
[Black "Weishaeutel, Moritz"]
[Result "0-1"]
[WhiteElo "2028"]
[BlackElo "2438"]
[PlyCount "192"]
[EventDate "2023.06.27"]
[EventType "swiss (blitz)"]
[EventRounds "11"]
[EventCountry "USA"]
[SourceTitle "EXT 2024"]
[Source "ChessBase"]
[SourceDate "2023.10.10"]
[SourceVersion "1"]
[SourceVersionDate "2023.10.10"]
[SourceQuality "1"]

1. c4 g6 2. e4 Bg7 3. g3 c5 4. Bg2 Nc6 5. Ne2 e6 6. d3 Nge7 7. Nbc3 0-0 8. 0-0 d6 9. h3 a6 10. a4 Rb8 11. Kh2 b6 12. Bd2 Bb7 13. Qc1 Nb4 14. Qb1 d5 15. Bg5 h6 16. Bxe7 Qxe7 17. a5 dxc4 18. dxc4 bxa5 19. Rxa5 Nc6 20. Ra4 Nd4 21. Rd1 Bc6 22. Ra2 Qb7 23. Qc1 Nxe2 24. Nxe2 Bxe4 25. Nf4 Bxg2 26. Nxg2 Kh7 27. Qf4 Qb3 28. Raa1 Rb4 29. Ne3 Qxb2 30. Rxa6 Bd4 31. Ng4 h5 32. Rxd4 Qxd4 33. Qh6+ Kg8 34. Rd6 Qg7 35. Qxg7+ Kxg7 36. Ne5 Rb2 37. Kg2 Re2 38. Nd3 Rd2 39. Kf3 Rc2 40. Ne5 Rb8 41. Rd7 Rf8 42. g4 hxg4+ 43. hxg4 Kf6 44. Nd3 Rxc4 45. Ke3 Rd4 46. Rc7 Rxg4 47. Nxc5 Kg7 48. Nxe6+ Kg8 49. Nxf8 Kxf8 50. Rc8+ Kg7 51. Kf3 Rg5 52. Rc7 Rf5+ 53. Kg2 Rf6 54. Ra7 Re6 55. Rb7 Kf6 56. Ra7 Re7 57. Ra6+ Kf5 58. Ra5+ Re5 59. Ra4 f6 60. f3 g5 61. Kg3 Re3 62. Ra5+ Kg6 63. Rb5 Re6 64. Ra5 f5 65. Rb5 Ra6 66. Rc5 Ra1 67. Rc6+ Kh5 68. Rc8 f4+ 69. Kh3 Rh1+ 70. Kg2 Ra1 71. Rh8+ Kg6 72. Rg8+ Kf6 73. Rf8+ Kg7 74. Rf5 Kg6 75. Rf8 Ra3 76. Rg8+ Kf6 77. Rf8+ Kg7 78. Rb8 Kg6 79. Rg8+ Kf5 80. Rf8+ Ke5 81. Rg8 Kd4 82. Rxg5 Ra2+ 83. Kf1 Ke3 84. Rb5 Ra3 85. Rb1 Kxf3 86. Rd1 Kg3 87. Kg1 f3 88. Kh1 Ra2 89. Rg1+ Kh3 90. Rf1 Rh2+ 91. Kg1 Rg2+ 92. Kh1 f2 93. Ra1 Rg3 94. Rf1 Rf3 95. Rg1 fxg1Q+ 96. Kxg1 Kg3 0-1

[Event "Titled Tuesday intern op 27th Jun Early"]
[Site "Chess.com INT"]
[Date "2023.06.27"]
[Round "2"]
[White "Bagwe, Gaurang"]
[Black "Zampronha, Wladimir Camilo"]
[Result "1-0"]
[WhiteElo "2028"]
[BlackElo "2176"]
[PlyCount "83"]
[EventDate "2023.06.27"]
[EventType "swiss (blitz)"]
[EventRounds "11"]
[EventCountry "USA"]
[SourceTitle "EXT 2024"]
[Source "ChessBase"]
[SourceDate "2023.10.10"]
[SourceVersion "1"]
[SourceVersionDate "2023.10.10"]
[SourceQuality "1"]

1. c4 Nf6 2. a3 e6 3. d3 d5 4. cxd5 exd5 5. Nf3 c5 6. g3 Nc6 7. Bg2 d4 8. 0-0 Be7 9. e4 dxe3 10. Bxe3 0-0 11. Nc3 Bf5 12. d4 Ng4 13. d5 Nxe3 14. fxe3 Nb8 15. e4 Bg4 16. e5 Nd7 17. Re1 c4 18. Kh1 Nc5 19. h3 Bxf3 20. Qxf3 Nd3 21. Re2 Bc5 22. Rf1 Bd4 23. Ne4 Bxe5 24. Ng5 Bf6 25. Ne4 Bxb2 26. Qh5 g6 27. Qf3 Bg7 28. d6 Qd7 29. Nf6+ Bxf6 30. Qxf6 Rae8 31. Re7 Qb5 32. d7 Rxe7 33. Qxe7 Qb6 34. Rxf7 Rxf7 35. d8Q+ Qxd8 36. Qxd8+ Kg7 37. Qd4+ Kf8 38. Qxc4 Ne5 39. Qc8+ Kg7 40. Qc3 Kf6 41. Qd4 Re7 42. Qxa7 1-0

[Event "Titled Tuesday intern op 27th Jun Early"]
[Site "Chess.com INT"]
[Date "2023.06.27"]
[Round "5"]
[White "Karttunen, Mika"]
[Black "Bagwe, Gaurang"]
[Result "1/2-1/2"]
[WhiteElo "2490"]
[BlackElo "2028"]
[PlyCount "121"]
[EventDate "2023.06.27"]
[EventType "swiss (blitz)"]
[EventRounds "11"]
[EventCountry "USA"]
[SourceTitle "EXT 2024"]
[Source "ChessBase"]
[SourceDate "2023.10.10"]
[SourceVersion "1"]
[SourceVersionDate "2023.10.10"]
[SourceQuality "1"]

1. c4 c5 2. Nc3 Nc6 3. g3 g6 4. Bg2 Bg7 5. Nf3 e6 6. 0-0 Nge7 7. e3 d5 8. cxd5 exd5 9. d4 cxd4 10. exd4 Bg4 11. Bg5 0-0 12. h3 Be6 13. Qd2 Qd7 14. g4 Nc8 15. Bh6 f6 16. Bxg7 Kxg7 17. Na4 b6 18. Nc3 Nd6 19. Rfe1 Bg8 20. Re2 Rae8 21. Rae1 Rxe2 22. Rxe2 Re8 23. Rxe8 Qxe8 24. Qf4 Qe7 25. g5 fxg5 26. Nxg5 Qf6 27. Qc1 Nxd4 28. Qd2 Nc4 29. Qc1 Ne5 30. h4 h6 31. Nh3 Nef3+ 32. Kh1 Be6 33. Qe3 Bxh3 34. Bxh3 Qxh4 35. Kg2 Qg5+ 36. Qxg5 Nxg5 37. Nxd5 Nxh3 38. Kxh3 Ne6 39. Ne7 a5 40. Nd5 b5 41. b3 a4 42. bxa4 bxa4 43. Nc3 Nc5 44. Kg4 Kf6 45. Kf4 g5+ 46. Kg4 Kg6 47. Kf3 Kf5 48. Ke3 Ke5 49. a3 h5 50. Ne2 h4 51. f4+ gxf4+ 52. Nxf4 Ne6 53. Ng6+ Kd5 54. Nxh4 Kc4 55. Nf3 Kb3 56. Kd3 Nf4+ 57. Kd2 Kxa3 58. Kc2 Ka2 59. Nd4 Nd5 60. Nb5 a3 61. Nxa3 1/2-1/2

[Event "Veliko Gradiste Silver Lake op-A"]
[Site "Veliko Gradiste"]
[Date "2023.06.20"]
[Round "4"]
[White "Bagwe, Gaurang"]
[Black "Vignesh, B."]
[Result "0-1"]
[WhiteElo "2028"]
[BlackElo "2195"]
[PlyCount "74"]
[EventDate "2023.06.18"]
[EventType "swiss"]
[EventRounds "9"]
[EventCountry "SRB"]
[SourceTitle "CBM 215 Extra"]
[Source "ChessBase"]
[SourceDate "2023.09.30"]
[SourceVersion "1"]
[SourceVersionDate "2023.09.30"]
[SourceQuality "1"]

1. e4 g6 2. d4 Bg7 3. Nc3 d6 4. g3 h5 5. Bg5 c5 6. d5 Nf6 7. Bg2 Nbd7 8. Nge2 Nh7 9. Bd2 h4 10. gxh4 Ne5 11. Ng3 Nc4 12. 0-0 Nxd2 13. Qxd2 Nf6 14. e5 dxe5 15. Rfe1 Nh5 16. Nce4 Nf4 17. Rad1 Nxg2 18. Kxg2 Rxh4 19. d6 Bh3+ 20. Kg1 Bg4 21. f3 Bxf3 22. d7+ Kf8 23. Qd5 Bxd1 24. Rxd1 Rb8 25. Ng5 Rf4 26. N3e4 Kg8 27. Ne6 fxe6 28. Qxe6+ Kf8 29. Ng5 Bh6 30. Qxe5 Rg4+ 31. Kh1 Bxg5 32. h3 Rd4 33. Qh8+ Kf7 34. Rf1+ Ke6 35. Qg7 Qg8 36. d8Q Rbxd8 37. Re1+ Kd7 0-1

[Event "Veliko Gradiste Silver Lake op-A"]
[Site "Veliko Gradiste"]
[Date "2023.06.19"]
[Round "2"]
[White "Simhadri, Sai Hrushikesh"]
[Black "Bagwe, Gaurang"]
[Result "0-1"]
[WhiteElo "1826"]
[BlackElo "2028"]
[PlyCount "58"]
[EventDate "2023.06.18"]
[EventType "swiss"]
[EventRounds "9"]
[EventCountry "SRB"]
[SourceTitle "CBM 215 Extra"]
[Source "ChessBase"]
[SourceDate "2023.09.30"]
[SourceVersion "1"]
[SourceVersionDate "2023.09.30"]
[SourceQuality "1"]

1. e4 c5 2. Nf3 d6 3. d4 cxd4 4. Nxd4 Nf6 5. Nc3 a6 6. Bg5 e6 7. f4 Be7 8. Qf3 Qc7 9. 0-0-0 Nbd7 10. g4 b5 11. Bd3 Bb7 12. Rhe1 b4 13. Nce2 Nc5 14. Bxf6 Bxf6 15. g5 Be7 16. Qe3 0-0-0 17. Kb1 Rd7 18. Nb3 Rhd8 19. Qd4 e5 20. Qxb4 d5 21. Nxc5 Bxc5 22. Qc3 dxe4 23. fxe5 Bf2 24. Rf1 exd3 25. cxd3 Qxc3 26. bxc3 Be3 27. Kc2 Bg2 28. Rf5 Be4 29. e6 Rxd3 0-1

[Event "Titled Tuesday intern op 13th Jun Early"]
[Site "Chess.com INT"]
[Date "2023.06.13"]
[Round "9"]
[White "Bagwe, Gaurang"]
[Black "Altman, Joshua"]
[Result "1-0"]
[WhiteElo "2028"]
[BlackElo "2120"]
[PlyCount "137"]
[EventDate "2023.06.13"]
[EventType "swiss (blitz)"]
[EventRounds "11"]
[EventCountry "USA"]
[SourceTitle "EXT 2024"]
[Source "ChessBase"]
[SourceDate "2023.10.10"]
[SourceVersion "1"]
[SourceVersionDate "2023.10.10"]
[SourceQuality "1"]

1. e4 e6 2. d4 d5 3. e5 c5 4. c3 Nc6 5. Nf3 Qb6 6. a3 c4 7. Nbd2 Na5 8. Rb1 Bd7 9. h4 Qc7 10. h5 h6 11. Be2 Ne7 12. Nf1 Nc8 13. Ne3 Nb6 14. 0-0 Be7 15. Qe1 Ba4 16. Bd1 Qd7 17. Nd2 0-0-0 18. b3 cxb3 19. Nxb3 Nxb3 20. Bxb3 Bb5 21. c4 dxc4 22. Bd1 Bc6 23. Be2 Qxd4 24. Qa5 Qe4 25. Bd2 Kb8 26. Bf3 Qd4 27. Bc3 Qc5 28. Qxc5 Bxc5 29. Bxc6 bxc6 30. Nxc4 Kc7 31. Nd6 Bxd6 32. exd6+ Kxd6 33. Bxg7 Rh7 34. Rfd1+ Nd5 35. Bf6 Rg8 36. Rb7 Kc5 37. Bd4+ Kd6 38. Rxa7 Rg4 39. f3 Rg5 40. a4 e5 41. Be3 Rg3 42. Kf2 Rhg7 43. Rg1 Nxe3 44. Kxe3 Rxg2 45. Rxg2 Rxg2 46. Rxf7 Ke6 47. Rh7 Ra2 48. Rxh6+ Kd5 49. Rh8 Rxa4 50. h6 Rh4 51. h7 Kc5 52. Kd3 Rh3 53. Ke4 Kc4 54. Kxe5 c5 55. f4 Kc3 56. f5 c4 57. f6 Re3+ 58. Kf4 Rh3 59. f7 Kc2 60. f8Q c3 61. Qa3 Kd1 62. Rd8+ Ke2 63. h8Q Rf3+ 64. Kg4 c2 65. Qh2+ Rf2 66. Rd2+ Kxd2 67. Qxf2+ Kd1 68. Qd3+ Kc1 69. Qdxc2# 1-0

[Event "Titled Tuesday intern op 13th Jun Early"]
[Site "Chess.com INT"]
[Date "2023.06.13"]
[Round "2"]
[White "Bagwe, Gaurang"]
[Black "De la Villa Garcia, Jesus Maria"]
[Result "0-1"]
[WhiteElo "2028"]
[BlackElo "2449"]
[PlyCount "82"]
[EventDate "2023.06.13"]
[EventType "swiss (blitz)"]
[EventRounds "11"]
[EventCountry "USA"]
[SourceTitle "EXT 2024"]
[Source "ChessBase"]
[SourceDate "2023.10.10"]
[SourceVersion "1"]
[SourceVersionDate "2023.10.10"]
[SourceQuality "1"]

1. e4 c6 2. Nf3 d5 3. Nc3 dxe4 4. Nxe4 Nf6 5. Nxf6+ exf6 6. d4 Bd6 7. Be2 0-0 8. 0-0 Re8 9. c3 Nd7 10. h3 Nf8 11. Be3 Be6 12. Qd2 Ng6 13. b4 Qd7 14. Rad1 Bxh3 15. d5 Bxg2 16. Ne1 Qh3 17. f4 Bxf1 18. Bxf1 Qxe3+ 19. Qxe3 Rxe3 20. dxc6 Bxf4 21. cxb7 Rb8 22. Bg2 Rxc3 23. Nd3 Be3+ 24. Kf1 h5 25. a4 h4 26. a5 h3 27. Bf3 h2 28. a6 Bg1 29. Bh1 Rd8 30. b5 Rb3 31. Rc1 Rxb5 32. Rc8 Rf8 33. Bc6 Rb1+ 34. Ke2 Ne7 35. Bg2 Nxc8 36. Nc1 Nd6 37. Na2 Rb8 38. Nc3 Rb6 39. Nd5 Rxa6 40. Ne7+ Kf8 41. Kf1 Kxe7 0-1